| 000 | 00397nam a2200169Ia 4500 | ||
|---|---|---|---|
| 008 | 230524s9999 xx 000 0 und d | ||
| 020 | _a8121908159 | ||
| 082 |
_a530 _bMAT |
||
| 100 | _aD.S. Mathur | ||
| 245 | 0 | _aElements of Properties of Matter | |
| 250 | _a1ST | ||
| 260 |
_aNEW DELHI _bShymlal _c2006 |
||
| 300 | _a580 | ||
| 500 | _aQuantity Number: 2 | ||
| 650 | _aPhysics | ||
| 942 | _cBK | ||
| 999 |
_c10371 _d10371 |
||